Your stars & married-life: (Record no. 178988)

MARC details
000 -LEADER
fixed length control field 00661nam a22001937a 4500
005 - DATE AND TIME OF LATEST TRANSACTION
control field 20210504120653.0
010 ## - LCCN (DPL NO)
LC control number B-739901
020 ## - INTERNATIONAL STANDARD BOOK NUMBER
International Standard Book Number 8170820936
Terms of availability 315.00
035 ## - SYSTEM CONTROL NUMBER
System control number B-739901
037 ## - SOURCE OF ACQUISITION
Source of stock number/acquisition Gift
082 ## - DEWEY DECIMAL CLASSIFICATION NUMBER
Classification number 133.59445
100 ## - MAIN ENTRY--PERSONAL NAME
Personal name Dahiya, N. S.
245 ## - TITLE STATEMENT
Title Your stars & married-life:
Remainder of title a panorama /
Statement of responsibility, etc by N. S. Dahiya
260 ## - PUBLICATION, DISTRIBUTION, ETC. (IMPRINT)
Place of publication, distribution, etc New Delhi
Name of publisher, distributor, etc Sagar Publications
Date of publication, distribution, etc 2009
270 ## - ADDRESS
Address 72, Janpath, Ved Mansion
City New Delhi
Postal code 110001
300 ## - PHYSICAL DESCRIPTION
Extent xi, 480p.:
Other physical details ill.
Dimensions 22cm(pbk)
942 ## - ADDED ENTRY ELEMENTS (KOHA)
Source of classification or shelving scheme Dewey Decimal Classification
Item type English Books
Classification part 133.59445
Call number suffix DAH
Holdings
Withdrawn status Lost status Not for loan Collection code Home library Current library Date acquired Source of acquisition Cost, normal purchase price Full call number Barcode Copy number Cost, replacement price Koha item type Public note
      Non-fiction Ashok Vihar Ashok Vihar 04/05/2021 Gift/Eng/2021 315.00 133.59445 DAH B-739901 1 315.00 English Books GIft

© Delhi Public Library
Hit Counter
free hit counter